000 00274nam a22001217a 4500
082 _a670.42 BAK
100 _aBAKER, WRIGHT
_959335
245 _aMODERN WORKSHIP TECHNOLOGY PART 1
250 _a2ND
260 _aLONDON
_bCLEAVER HUME
_c1961
300 _a511P
942 _cBK
999 _c569344
_d569344